[Event "Women's Speed Chess Q7"]
[Site "chess.com INT"]
[Date "2021.06.06"]
[Round "1"]
[White "Zhou, Qiyu"]
[Black "Semenova, Elena1"]
[Result "0-1"]
[WhiteTitle "FM"]
[BlackTitle "WIM"]
[WhiteElo "2229"]
[BlackElo "2246"]
[WhiteFideId "505161"]
[BlackFideId "24125148"]
[EventDate "2021.06.06"]

1. e4 e5 2. Nf3 Nc6 3. Bb5 Nf6 4. d3 d6 5. h3 Bd7 6. c3 h6 7. Ba4 g5 8. Be3 Bg7
9. Nbd2 Qe7 10. Qe2 a6 11. O-O-O b5 12. Bb3 a5 13. Bd5 a4 14. Kb1 Nxd5 15. exd5
Na5 16. d4 e4 17. Nh2 f5 18. f4 exf3 19. Bf4 Qxe2 0-1

[Event "Women's Speed Chess Q7"]
[Site "chess.com INT"]
[Date "2021.06.06"]
[Round "1"]
[White "Szente Varga, Fruzsina"]
[Black "Voit, Daria"]
[Result "0-1"]
[WhiteTitle "WFM"]
[BlackTitle "WGM"]
[WhiteElo "2100"]
[BlackElo "2354"]
[WhiteFideId "712264"]
[BlackFideId "4182146"]
[EventDate "2021.06.06"]

1. e4 c6 2. d4 d5 3. Nc3 dxe4 4. Nxe4 Nf6 5. Nxf6+ exf6 6. Be3 Bd6 7. Qd2 O-O 8.
O-O-O Be6 9. Kb1 Re8 10. f3 Nd7 11. g4 b5 12. h4 Nb6 13. h5 Nd5 14. Bf2 Bf4 15.
Qd3 Nb4 16. Qa3 Bxa2+ 0-1

[Event "Women's Speed Chess Q7"]
[Site "chess.com INT"]
[Date "2021.06.06"]
[Round "1"]
[White "Vine, Elzbieta"]
[Black "Zhuravleva, Olga"]
[Result "0-1"]
[WhiteTitle "WFM"]
[BlackTitle "WIM"]
[WhiteElo "2138"]
[BlackElo "2278"]
[WhiteFideId "1119320"]
[BlackFideId "4145933"]
[EventDate "2021.06.06"]

1. e4 e5 2. Nf3 Nc6 3. Bc4 Nf6 4. d4 exd4 5. O-O Nxe4 6. Re1 d5 7. Bxd5 Qxd5 8.
Nc3 Qa5 9. Nxe4 Be6 10. Neg5 O-O-O 11. Nxe6 fxe6 12. Rxe6 Bd6 13. a3 Qh5 14. h3
h6 15. b4 Ne5 16. Nxe5 Qxd1+ 17. Kh2 Rde8 0-1

[Event "Women's Speed Chess Q7"]
[Site "chess.com INT"]
[Date "2021.06.06"]
[Round "1"]
[White "Bommini, Mounika Akshaya"]
[Black "Buksa, Nataliya"]
[Result "0-1"]
[WhiteTitle "WFM"]
[BlackTitle "IM"]
[WhiteElo "2029"]
[BlackElo "2413"]
[WhiteFideId "25019872"]
[BlackFideId "14123622"]
[EventDate "2021.06.06"]

1. d4 d5 2. Bf4 Nf6 3. e3 e6 4. Nc3 Bd6 5. Bg3 c5 6. dxc5 Bxg3 7. hxg3 Qc7 8.
Bd3 Nbd7 9. Nb5 Qxc5 10. c3 Ne5 11. Bc2 Bd7 12. Nd4 Nc4 13. Qc1 b5 14. Nge2 b4
15. Nf4 bxc3 16. bxc3 Rb8 17. Nd3 Qa5 18. Bb3 Nd6 19. Ne5 Rc8 20. Nxd7 Nxd7 21.
Ne2 Ne4 22. Qc2 Nxc3 23. Nxc3 Qxc3+ 24. Qxc3 Rxc3 25. O-O Ke7 26. Rfc1 Rhc8 27.
Kf1 Rxc1+ 0-1

[Event "Women's Speed Chess Q7"]
[Site "chess.com INT"]
[Date "2021.06.06"]
[Round "1"]
[White "Vo, Thi Kim Phung"]
[Black "Priyanka, K"]
[Result "1-0"]
[WhiteTitle "WGM"]
[BlackTitle "WIM"]
[WhiteElo "2335"]
[BlackElo "2218"]
[WhiteFideId "12401838"]
[BlackFideId "5082986"]
[EventDate "2021.06.06"]

1. d4 Nf6 2. c4 g6 3. Nc3 Bg7 4. e4 d6 5. Be2 O-O 6. Nf3 e5 7. O-O Nc6 8. d5 Ne7
9. Ne1 Nd7 10. Be3 f5 11. f3 f4 12. Bf2 g5 13. Nd3 Rf6 14. c5 Rh6 15. Rc1 Qe8
16. Nb5 Qh5 17. h4 gxh4 18. Nxc7 h3 19. g4 fxg3 20. Bxg3 Rg6 21. Kh2 Rxg3 22.
Kxg3 h2 23. f4 Nf6 24. Bxh5 exf4+ 25. Kxh2 1-0

[Event "Women's Speed Chess Q7"]
[Site "chess.com INT"]
[Date "2021.06.06"]
[Round "1"]
[White "Pandey, Srishti"]
[Black "Papp, Petra"]
[Result "0-1"]
[WhiteTitle "WFM"]
[BlackTitle "WGM"]
[WhiteElo "2026"]
[BlackElo "2336"]
[WhiteFideId "35093290"]
[BlackFideId "739049"]
[EventDate "2021.06.06"]

1. d4 Nf6 2. c4 g6 3. Nf3 Bg7 4. Nc3 d5 5. Bf4 O-O 6. e3 c5 7. dxc5 Ne4 8. Be5
Bxe5 9. Nxe5 Nxc3 10. bxc3 Qa5 11. Rc1 dxc4 12. Bxc4 Qxc5 13. Qd4 Qa5 14. h4 Nc6
15. Nxc6 bxc6 16. h5 Qg5 17. hxg6 Qxg6 18. Bd3 Bf5 19. Bxf5 Qxf5 20. Rh3 e5 21.
Qh4 Rad8 22. Rg3+ Kh8 23. e4 Qf4 24. Rg4 Qxc1+ 25. Ke2 Qd1+ 26. Ke3 Rd3# 0-1

[Event "Women's Speed Chess Q7"]
[Site "chess.com INT"]
[Date "2021.06.06"]
[Round "1"]
[White "Vu, Bui Thi Thanh Van"]
[Black "Bivol, Alina"]
[Result "0-1"]
[WhiteTitle "WFM"]
[BlackTitle "WGM"]
[WhiteElo "1750"]
[BlackElo "2374"]
[WhiteFideId "12408921"]
[BlackFideId "4100123"]
[EventDate "2021.06.06"]

1. d4 Nf6 2. Nf3 g6 3. e3 Bg7 4. Bd3 d5 5. Nbd2 O-O 6. b4 a5 7. b5 c6 8. a4 Bg4
9. O-O Nbd7 10. Bb2 c5 11. c4 cxd4 12. exd4 dxc4 13. Bxc4 Rc8 14. Qb3 e6 15. h3
Bxf3 16. Nxf3 Nb6 17. Be2 Nfd5 18. Rad1 Nf4 19. Bd3 Nxd3 20. Rxd3 Qd5 21. Qd1
Rfd8 22. Qd2 Nc4 23. Qe2 Nxb2 24. Qxb2 Qc4 25. Rfd1 Qc2 26. Qxc2 Rxc2 27. d5 e5
28. Nd2 Bf8 29. Ne4 f5 30. Nf6+ Kg7 0-1

[Event "Women's Speed Chess Q7"]
[Site "chess.com INT"]
[Date "2021.06.06"]
[Round "1"]
[White "Kashlinskaya, Alina"]
[Black "Perez Rodriguez, Jennifer"]
[Result "1-0"]
[WhiteTitle "IM"]
[BlackTitle "WIM"]
[WhiteElo "2494"]
[BlackElo "2251"]
[WhiteFideId "4198026"]
[BlackFideId "3507831"]
[EventDate "2021.06.06"]

1. d4 Nf6 2. c4 e6 3. Nc3 d5 4. Bg5 Be7 5. Nf3 O-O 6. e3 Nbd7 7. Bd3 b6 8. cxd5
Nxd5 9. Bxe7 Qxe7 10. O-O Bb7 11. e4 Nxc3 12. bxc3 c5 13. Re1 cxd4 14. cxd4 Rfd8
15. Qe2 Rac8 16. Rad1 Nf8 17. h4 h6 18. Qe3 Qd6 19. Bb1 b5 20. h5 a5 21. Nh2 b4
22. Ng4 Rc3 23. Qd2 Rc4 24. e5 Qxd4 25. Qe2 Qb6 26. Qxc4 Rc8 27. Qd3 Qc6 28. Qg3
Kh8 29. Be4 Qb6 30. Bxb7 Qxb7 31. Re3 a4 32. Qf4 b3 33. axb3 axb3 34. Nxh6 gxh6
35. Rg3 Nh7 36. Qxh6 Rg8 37. Rxg8+ Kxg8 38. Rd8+ 1-0

[Event "Women's Speed Chess Q7"]
[Site "chess.com INT"]
[Date "2021.06.06"]
[Round "1"]
[White "Sliwicka, Alicja"]
[Black "Komiagina, Maria"]
[Result "1-0"]
[WhiteTitle "WIM"]
[BlackTitle "WIM"]
[WhiteElo "2308"]
[BlackElo "2241"]
[WhiteFideId "1150677"]
[BlackFideId "4153987"]
[EventDate "2021.06.06"]

1. e4 c5 2. Nf3 Nc6 3. d4 cxd4 4. Nxd4 Nf6 5. Nc3 d6 6. Bg5 e6 7. Bb5 Bd7 8.
Bxc6 bxc6 9. Qf3 Be7 10. e5 Nd5 11. Bxe7 Qxe7 12. exd6 Qxd6 13. O-O-O O-O 14.
Nb3 Qc7 15. Nc5 a5 16. h4 Rab8 17. h5 Rfd8 18. h6 Qb6 19. N3a4 Qb4 20. a3 Qc4
21. Qd3 Qf4+ 22. Kb1 g6 23. f3 Be8 24. Qe4 Qxe4 25. Nxe4 f5 26. Nec5 Kf7 27.
Rhe1 Rdc8 28. Rxe6 Rb5 29. Rde1 Rcb8 30. c4 R5b6 31. cxd5 cxd5 32. Rxb6 1-0

[Event "Women's Speed Chess Q7"]
[Site "chess.com INT"]
[Date "2021.06.06"]
[Round "1"]
[White "Batsiashvili, Nino"]
[Black "Yu, Jennifer"]
[Result "1-0"]
[WhiteTitle "GM"]
[BlackTitle "FM"]
[WhiteElo "2491"]
[BlackElo "2316"]
[WhiteFideId "13602993"]
[BlackFideId "2078341"]
[EventDate "2021.06.06"]

1. d4 d5 2. Nf3 Nf6 3. g3 c6 4. Bg2 g6 5. O-O Bg7 6. c4 O-O 7. Nc3 Ne4 8. cxd5
Nxc3 9. bxc3 cxd5 10. Ba3 Nc6 11. Nd2 Re8 12. e3 b6 13. c4 e6 14. cxd5 exd5 15.
Rc1 Na5 16. Bb4 Ba6 17. Re1 Nc4 18. Qa4 Nxd2 19. Bxd2 Bc4 20. Bc3 b5 21. Qc2 Rc8
22. Qd2 Qd7 23. Ba5 Bf8 24. e4 dxe4 25. Bxe4 Bd5 26. Bxd5 Qxd5 27. Rxc8 Rxc8 28.
Bb4 Bg7 29. Rd1 Rc4 30. Bc5 a6 31. Qa5 Qc6 32. Qd8+ 1-0

[Event "Women's Speed Chess Q7"]
[Site "chess.com INT"]
[Date "2021.06.06"]
[Round "1"]
[White "Morris-Suzuki, Sophie"]
[Black "Kanyamarala, Trisha"]
[Result "1-0"]
[WhiteTitle "WFM"]
[BlackTitle "WIM"]
[WhiteElo "2043"]
[BlackElo "2180"]
[WhiteFideId "30922615"]
[BlackFideId "45004722"]
[EventDate "2021.06.06"]

1. e4 c5 2. Nc3 Nc6 3. Bb5 Nd4 4. Bc4 Nf6 5. e5 d5 6. Bb5+ Nxb5 7. Nxb5 Ng4 8.
Nf3 g6 9. d4 cxd4 10. Nbxd4 Bg7 11. Bf4 O-O 12. h3 Nh6 13. g4 f6 14. e6 Kh8 15.
Qd2 Ng8 16. h4 Qb6 17. O-O-O Bxe6 18. g5 f5 19. h5 Rfe8 20. hxg6 Nf6 21. gxf6
exf6 22. Rxh7+ Kg8 23. Rdh1 Bd7 24. Bh6 Re7 25. Bxg7 Rxg7 26. Rh8# 1-0

[Event "Women's Speed Chess Q7"]
[Site "chess.com INT"]
[Date "2021.06.06"]
[Round "1"]
[White "Kotepalli, Sai Nirupama"]
[Black "Dordzhieva, Dinara"]
[Result "1-0"]
[WhiteTitle "WFM"]
[BlackTitle "WGM"]
[WhiteElo "1914"]
[BlackElo "2311"]
[WhiteFideId "5039444"]
[BlackFideId "24157570"]
[EventDate "2021.06.06"]

1. e4 c5 2. d3 d6 3. Nf3 Nc6 4. g3 g6 5. Bg2 Bg7 6. O-O e5 7. c3 Nge7 8. a3 O-O
9. b4 Be6 10. b5 Nb8 11. c4 Nd7 12. a4 h6 13. Nh4 f5 14. exf5 gxf5 15. Bxb7 Rb8
16. Bg2 e4 17. Ra3 Ne5 18. dxe4 fxe4 19. Bxe4 Nxc4 20. Rf3 d5 21. Rxf8+ Qxf8 22.
Bg2 Ne5 23. Bf4 Rd8 24. Re1 Bg4 25. f3 N7g6 26. Nxg6 Nxg6 27. fxg4 Nxf4 28. gxf4
Qxf4 29. Qf3 Qd4+ 30. Qf2 Qxg4 31. Kh1 c4 32. Re7 Qd1+ 33. Bf1 Qxb1 34. Qf7+ Kh8
35. Qxg7# 1-0

[Event "Women's Speed Chess Q7"]
[Site "chess.com INT"]
[Date "2021.06.06"]
[Round "1"]
[White "Antolak, Julia"]
[Black "Von Herman, Brigitte"]
[Result "0-1"]
[WhiteTitle "WIM"]
[BlackTitle "WFM"]
[WhiteElo "2309"]
[BlackElo "1991"]
[WhiteFideId "1159569"]
[BlackFideId "4628730"]
[EventDate "2021.06.06"]

1. e4 e5 2. Nf3 Nc6 3. Bb5 a6 4. Ba4 Nf6 5. O-O Be7 6. Re1 b5 7. Bb3 d6 8. c3
O-O 9. h3 Na5 10. Bc2 c5 11. d4 Nd7 12. Nbd2 exd4 13. cxd4 Nc6 14. d5 Nce5 15.
Nxe5 Nxe5 16. f4 Ng6 17. Nf3 Bh4 18. Nxh4 Qxh4 19. f5 Ne5 20. Rf1 Bd7 21. Bf4
Qe7 22. Kh2 f6 23. g4 h6 24. Qe1 a5 25. Qg3 Rfe8 26. h4 a4 27. Rg1 Ra7 28. Rg2
Kh8 29. g5 fxg5 30. hxg5 hxg5 31. Bxg5 Qf7 32. Rh1 Kg8 33. Qh4 Nf3+ 34. Kg3 Nxh4
35. Rxh4 Bxf5 36. Rgh2 Qg6 37. Kf4 Bxe4 38. Rh8+ Kf7 39. Rxe8 Kxe8 40. Bxe4 Rf7+
41. Kg4 Qxe4+ 0-1

[Event "Women's Speed Chess Q7"]
[Site "chess.com INT"]
[Date "2021.06.06"]
[Round "1"]
[White "Nguyen, Thi Thanh An"]
[Black "Shuvalova, Polina"]
[Result "0-1"]
[WhiteTitle "WGM"]
[BlackTitle "IM"]
[WhiteElo "2259"]
[BlackElo "2489"]
[WhiteFideId "12400300"]
[BlackFideId "24171760"]
[EventDate "2021.06.06"]

1. d4 Nf6 2. Nf3 e6 3. g3 b6 4. Bg2 Bb7 5. O-O Be7 6. c4 d5 7. Ne5 c6 8. Nc3
Nbd7 9. cxd5 cxd5 10. Bf4 O-O 11. Qa4 Nxe5 12. Bxe5 Nd7 13. Bf4 a6 14. Rfc1 Rc8
15. Qd1 h6 16. a4 Nb8 17. Bxb8 Rxb8 18. Rab1 Rc8 19. b4 Bd6 20. Qb3 Qe7 21. b5
a5 22. Na2 Qf6 23. e3 Qf5 24. h4 g5 25. hxg5 hxg5 26. Nc3 Kg7 27. Ne2 Rh8 28.
Rxc8 Bxc8 29. Rc1 Bd7 30. Qc2 Qg4 31. Nc3 Qh5 32. Qe2 Qh2+ 33. Kf1 Rc8 34. Na2
Rh8 35. Qf3 Qh7 36. Qe2 Qf5 37. Qd3 Qxd3+ 38. Kg1 Qd2 0-1

[Event "Women's Speed Chess Q7"]
[Site "chess.com INT"]
[Date "2021.06.06"]
[Round "1"]
[White "Tokhirjonova, Gulrukhbegim"]
[Black "Kabanova, Ekaterina"]
[Result "0-1"]
[WhiteTitle "WGM"]
[BlackTitle "WFM"]
[WhiteElo "2344"]
[BlackElo "2138"]
[WhiteFideId "14203626"]
[BlackFideId "24112917"]
[EventDate "2021.06.06"]

1. e4 c5 2. Nf3 e6 3. d4 cxd4 4. Nxd4 a6 5. c4 Qc7 6. Nc3 b6 7. a3 Bb7 8. f3 Nf6
9. Be3 d6 10. Rc1 Nbd7 11. Be2 Be7 12. O-O O-O 13. Kh1 Rac8 14. b4 Rfe8 15. Na4
h6 16. Nb3 Bc6 17. Nb2 Bb7 18. Qd2 Qb8 19. Nd3 Bd8 20. Rc2 Bc7 21. Rb1 d5 22.
cxd5 exd5 23. exd5 Nxd5 24. Bg1 Rcd8 25. Nd4 N7f6 26. Rbc1 Nh5 27. Nf5 Nhf4 28.
Bf1 Nxd3 29. Qxd3 Bf4 30. Rd1 Ne3 31. Nxe3 Rxd3 32. Rxd3 a5 33. Nd5 Bxd5 34.
Rxd5 axb4 35. axb4 Re1 36. Ba6 Be3 0-1

[Event "Women's Speed Chess Q7"]
[Site "chess.com INT"]
[Date "2021.06.06"]
[Round "1"]
[White "Selkirk, Rebecca"]
[Black "Nurmanova, Alua"]
[Result "0-1"]
[WhiteTitle "WCM"]
[BlackTitle "WFM"]
[WhiteElo "1799"]
[BlackElo "2093"]
[WhiteFideId "14306514"]
[BlackFideId "13729390"]
[EventDate "2021.06.06"]

1. e4 c5 2. Nf3 d6 3. d4 cxd4 4. Nxd4 Nf6 5. Nc3 a6 6. Bg5 Nbd7 7. f4 Qc7 8. Qf3
h6 9. Bh4 g5 10. fxg5 hxg5 11. Bxg5 Qc5 12. Be3 Ne5 13. Qe2 Neg4 14. O-O-O Nxe3
15. Qxe3 Bh6 16. Na4 Bxe3+ 17. Kb1 Qa5 18. Nc3 Bxd4 19. Rxd4 b5 20. Be2 Qb6 21.
Rhd1 Be6 22. Bf3 O-O-O 23. h3 b4 24. Nd5 Bxd5 25. exd5 a5 26. Rc4+ Kb8 27. Rc6
Qb7 28. Rd3 Rc8 29. Rxc8+ Rxc8 30. a3 Nd7 31. axb4 axb4 32. Rb3 Nc5 33. Re3 b3
34. cxb3 Nxb3 35. h4 Rc1+ 36. Ka2 Ra1# 0-1

[Event "Women's Speed Chess Q7"]
[Site "chess.com INT"]
[Date "2021.06.06"]
[Round "1"]
[White "Kulkarni, Bhakti"]
[Black "Zaksaite, Salomeja"]
[Result "1-0"]
[WhiteTitle "IM"]
[BlackTitle "WIM"]
[WhiteElo "2391"]
[BlackElo "2202"]
[WhiteFideId "5019516"]
[BlackFideId "12801496"]
[EventDate "2021.06.06"]

1. d4 Nf6 2. Nf3 g6 3. Nbd2 d5 4. e3 Bg7 5. b4 O-O 6. Bd3 a5 7. b5 c5 8. bxc6
bxc6 9. Ba3 Na6 10. Rb1 Nb4 11. Bxb4 axb4 12. Rxb4 Rxa2 13. Qb1 Qa5 14. O-O Bf5
15. Bxf5 gxf5 16. Ne5 c5 17. Rb5 Qa7 18. dxc5 Ra8 19. Nc6 Qd7 20. Nd4 Ne4 21.
Rb8+ Bf8 22. Rxa8 Rxa8 23. Nxe4 dxe4 24. c6 Qc8 25. Qb7 e5 26. Nb5 Rb8 27. Qxc8
Rxc8 28. c7 f6 29. Rd1 Be7 30. Rd7 Kf7 31. Na7 Ra8 32. c8=Q 1-0

[Event "Women's Speed Chess Q7"]
[Site "chess.com INT"]
[Date "2021.06.06"]
[Round "1"]
[White "Gevorgyan, Maria"]
[Black "Chu, Ruotong"]
[Result "0-1"]
[WhiteTitle "WGM"]
[BlackTitle "WIM"]
[WhiteElo "2219"]
[BlackElo "2207"]
[WhiteFideId "13300270"]
[BlackFideId "8605653"]
[EventDate "2021.06.06"]

1. e4 c5 2. Nc3 Nc6 3. Bb5 Nd4 4. Bc4 e6 5. Nge2 Nf6 6. O-O Be7 7. d3 Nxe2+ 8.
Qxe2 d5 9. exd5 exd5 10. Bb3 O-O 11. Bg5 Be6 12. Qf3 c4 13. dxc4 dxc4 14. Ba4 h6
15. Bxf6 Bxf6 16. Qxb7 Rb8 17. Qf3 Rxb2 18. Rad1 Qa5 19. Ne4 Qxa4 20. Nxf6+ gxf6
21. Qxf6 Rb5 22. Qxh6 Qa5 23. Rfe1 Rh5 24. Qe3 Qg5 25. Qxa7 Bd5 26. g3 Bf3 27.
Rd4 Qa5 28. Qd7 Qxe1# 0-1

[Event "Women's Speed Chess Q7"]
[Site "chess.com INT"]
[Date "2021.06.06"]
[Round "1"]
[White "Grigoryan, Meri"]
[Black "Cori T., Deysi"]
[Result "0-1"]
[WhiteTitle "WFM"]
[BlackTitle "WGM"]
[WhiteElo "2044"]
[BlackElo "2388"]
[WhiteFideId "13300571"]
[BlackFideId "3801934"]
[EventDate "2021.06.06"]

1. d4 e6 2. c4 Nf6 3. Nc3 d5 4. e3 Be7 5. Nf3 O-O 6. cxd5 exd5 7. h3 b6 8. Bd3
Bb7 9. O-O Ne4 10. Ne5 Nd7 11. Nxd7 Qxd7 12. Qc2 f5 13. f3 Ng3 14. Re1 a6 15. e4
fxe4 16. fxe4 dxe4 17. Nxe4 Bxe4 18. Bxe4 Qxd4+ 19. Kh2 Bd6 20. Bxh7+ Kh8 21.
Qg6 Rf6 22. Qc2 Ne4+ 23. Kh1 Nf2+ 24. Kg1 Nxh3+ 25. Kh1 Nf2+ 26. Kg1 Ng4+ 27.
Kh1 Raf8 28. Bg5 Rf2 29. Qe4 Qxe4 30. Rxe4 Rf1+ 0-1

[Event "Women's Speed Chess Q7"]
[Site "chess.com INT"]
[Date "2021.06.06"]
[Round "1"]
[White "Frayna, Janelle Mae"]
[Black "Ortez, Andrea"]
[Result "1-0"]
[WhiteTitle "WGM"]
[BlackTitle "WIM"]
[WhiteElo "2179"]
[BlackElo "1969"]
[WhiteFideId "5212499"]
[BlackFideId "6702392"]
[EventDate "2021.06.06"]

1. e4 c5 2. Nf3 Nc6 3. Bb5 g6 4. Bxc6 dxc6 5. h3 Bg7 6. d3 e5 7. Be3 b6 8. Nc3
Ne7 9. Qd2 O-O 10. O-O-O f5 11. exf5 Nxf5 12. Bg5 Qc7 13. h4 b5 14. h5 Nd4 15.
Nxd4 cxd4 16. Ne4 Bf5 17. hxg6 Bxg6 18. Kb1 a5 19. Bh6 a4 20. Bxg7 Qxg7 21. Rh4
a3 22. b3 Ra7 23. Rdh1 Raf7 24. f3 Bxe4 25. dxe4 Rf6 26. Qb4 R8f7 27. Qxa3 Qxg2
28. Rg4+ Qxg4 29. fxg4 Rf1+ 30. Rxf1 Rxf1+ 31. Kb2 Re1 32. Qd6 Rxe4 33. Qxc6 1-0

[Event "Women's Speed Chess Q7"]
[Site "chess.com INT"]
[Date "2021.06.06"]
[Round "1"]
[White "Mohota, Nisha"]
[Black "Tania, Sachdev"]
[Result "0-1"]
[WhiteTitle "IM"]
[BlackTitle "IM"]
[WhiteElo "2195"]
[BlackElo "2392"]
[WhiteFideId "5004330"]
[BlackFideId "5007844"]
[EventDate "2021.06.06"]

1. b3 c5 2. Bb2 d6 3. e3 Nc6 4. f4 Nf6 5. Nf3 e6 6. Be2 Be7 7. O-O O-O 8. Qe1 d5
9. d3 Nd7 10. Nbd2 Bf6 11. Bxf6 Qxf6 12. e4 Nd4 13. Nxd4 cxd4 14. exd5 exd5 15.
Qf2 Nb6 16. Kh1 Bd7 17. a4 Rac8 18. a5 Na8 19. Bd1 Nc7 20. g3 Nb5 21. Nf3 Bg4
22. Ne5 Bxd1 23. Rfxd1 Rfe8 24. Re1 Nd6 25. Ng4 Qf5 26. Ne5 f6 27. Nf3 Nb5 28.
Rxe8+ Rxe8 29. Re1 Rxe1+ 30. Qxe1 Qd7 31. Qf2 Qg4 32. Kg2 h5 33. h3 Qc8 34. Qe2
Kf7 35. Kf2 Qc5 36. Kf1 Na3 37. f5 Nxc2 38. Qe6+ Kf8 39. Nh4 Ne3+ 40. Kf2 Qc2+
41. Kf3 Qd1+ 42. Kf4 Qf1+ 43. Nf3 Ng2# 0-1

[Event "Women's Speed Chess Q7"]
[Site "chess.com INT"]
[Date "2021.06.06"]
[Round "1"]
[White "Babiy, Olga"]
[Black "Pham, Le Thao Nguyen"]
[Result "1-0"]
[WhiteTitle "WGM"]
[BlackTitle "IM"]
[WhiteElo "2280"]
[BlackElo "2369"]
[WhiteFideId "14117258"]
[BlackFideId "12401226"]
[EventDate "2021.06.06"]

1. d4 d5 2. Bf4 c6 3. Nf3 Bf5 4. c3 Qb6 5. Qb3 Nd7 6. Nbd2 e6 7. h3 h6 8. g4
Ngf6 9. gxf5 exf5 10. Bg2 Be7 11. Ne5 Nf8 12. Qxb6 axb6 13. a3 Ne6 14. Bh2 O-O
15. Rg1 Kh7 16. Ndf3 b5 17. Rd1 Ne4 18. Nd2 Nd6 19. e3 g6 20. Ke2 Nc4 21. Ndxc4
bxc4 22. Rd2 Ra5 23. Kd1 Kg7 24. Bf3 Rfa8 25. Ke2 Rb5 26. Nd7 Rd8 27. Ne5 Bf6
28. Bg2 Kf8 29. Bf4 g5 30. Bh2 Ke7 31. Kd1 Ra8 32. Bf1 Rb3 33. f4 Ra5 34. Ke1
Rab5 35. Rgg2 1-0

[Event "Women's Speed Chess Q7"]
[Site "chess.com INT"]
[Date "2021.06.06"]
[Round "1"]
[White "Jakubowska, Anna"]
[Black "Balabayeva, Xeniya"]
[Result "1-0"]
[WhiteTitle "WIM"]
[BlackTitle "WFM"]
[WhiteElo "2073"]
[BlackElo "2116"]
[WhiteFideId "1121952"]
[BlackFideId "13719688"]
[EventDate "2021.06.06"]

1. e4 c6 2. d4 d5 3. e5 Bf5 4. Nf3 e6 5. Be2 c5 6. c3 Nc6 7. O-O Be7 8. Be3 h6
9. dxc5 Qc7 10. Bd4 g5 11. b4 h5 12. Nbd2 g4 13. Ne1 Nxe5 14. Bb5+ Kd8 15. f4
gxf3 16. Ndxf3 Bf6 17. Nxe5 Bxe5 18. Nf3 Bxd4+ 19. Nxd4 Ne7 20. Qd2 a6 21. Bd3
Bxd3 22. Qxd3 Ng6 23. Nxe6+ fxe6 24. Qxg6 Qe7 25. Rf7 Qe8 26. Re1 Kc8 27. Rxe6
Qb5 28. Ree7 Rd8 29. Rc7+ Kb8 30. Qg7 Ra7 31. Qe5 Ka8 32. Qe7 Rb8 33. Rf8 b6 34.
Rxa7# 1-0

[Event "Women's Speed Chess Q7"]
[Site "chess.com INT"]
[Date "2021.06.06"]
[Round "1"]
[White "Golubenko, Valentina"]
[Black "Fernandez, Maria Florencia"]
[Result "0-1"]
[WhiteTitle "WGM"]
[BlackTitle "WIM"]
[WhiteElo "2209"]
[BlackElo "2229"]
[WhiteFideId "4501993"]
[BlackFideId "116459"]
[EventDate "2021.06.06"]

1. d4 Nf6 2. Nf3 g6 3. g3 Bg7 4. Bg2 O-O 5. O-O d6 6. d5 Nc6 7. dxc6 bxc6 8. Nd4
d5 9. Nxc6 Qd6 10. Nd4 e5 11. Nb3 c6 12. c4 Be6 13. cxd5 cxd5 14. Nc3 Rad8 15.
Bg5 h6 16. Bxf6 Bxf6 17. Rc1 Bg7 18. a3 a6 19. Nd2 f5 20. f4 e4 21. e3 d4 22.
Ndxe4 fxe4 23. Nxe4 Qb6 24. Rc6 Qxb2 25. Rxe6 dxe3 26. Qf3 e2 27. Re1 Rd1 28.
Kf2 Bd4+ 29. Qe3 Bxe3+ 30. Kxe3 Rxe1 31. Rxg6+ Kh7 32. f5 Qxa3+ 33. Kf4 Rf1+ 34.
Ke5 R1xf5+ 35. Ke6 Kxg6 36. Nd6 R5f6+ 37. Kd7 Rxd6+ 38. Kc7 Rf7+ 39. Kc8 Re6 40.
Be4+ Rxe4 41. Kd8 Qf8# 0-1

[Event "Women's Speed Chess Q7"]
[Site "chess.com INT"]
[Date "2021.06.06"]
[Round "1"]
[White "Tarasova, Viktoriya"]
[Black "Mkrtchian, Lilit"]
[Result "1-0"]
[WhiteTitle "WIM"]
[BlackTitle "IM"]
[WhiteElo "2226"]
[BlackElo "2388"]
[WhiteFideId "4175840"]
[BlackFideId "13300601"]
[EventDate "2021.06.06"]

1. d4 Nf6 2. c4 c6 3. Nc3 d5 4. Nf3 dxc4 5. a4 Bf5 6. e3 e6 7. Bxc4 Bb4 8. O-O
Nbd7 9. Nh4 O-O 10. Nxf5 exf5 11. f3 c5 12. Qd3 cxd4 13. exd4 Nb6 14. Bb3 g6 15.
Be3 Rc8 16. Rac1 Bxc3 17. bxc3 Nfd5 18. Bd2 Qd7 19. a5 Na8 20. c4 Nf6 21. d5 Nc7
22. Bc3 Nh5 23. Qd4 f6 24. Qxa7 Kh8 25. Rfe1 Ra8 26. Qd4 Rfe8 27. Rxe8+ Rxe8 28.
Re1 Kg7 29. g3 Rxe1+ 30. Bxe1 Qe7 31. Kf2 Qa3 32. Qe3 Qb2+ 33. Kg1 Kf7 34. d6
Ne6 35. c5 Ng7 36. a6 bxa6 37. c6 Qa3 38. d7 Qd6 39. Ba5 1-0

[Event "Women's Speed Chess Q7"]
[Site "chess.com INT"]
[Date "2021.06.06"]
[Round "1"]
[White "Zaichenko, Daria"]
[Black "Dzagnidze, Nana"]
[Result "0-1"]
[WhiteTitle "WFM"]
[BlackTitle "GM"]
[WhiteElo "2104"]
[BlackElo "2524"]
[WhiteFideId "4197453"]
[BlackFideId "13601903"]
[EventDate "2021.06.06"]

1. e4 c5 2. Nf3 Nc6 3. d4 cxd4 4. Nxd4 Nf6 5. Nc3 d6 6. Be3 e5 7. Nxc6 bxc6 8.
Bc4 Be7 9. O-O O-O 10. f4 Ng4 11. Qf3 Nxe3 12. Qxe3 exf4 13. Qxf4 Bf6 14. Kh1
Qe7 15. Rae1 Be5 16. Qf3 Be6 17. Bxe6 fxe6 18. Qh5 Rab8 19. Nd1 g6 20. Qh3 Kg7
21. b3 Rxf1+ 22. Rxf1 Rf8 23. Rxf8 Qxf8 24. Qf3 Qxf3 25. gxf3 d5 26. Nf2 Bd6 27.
Kg2 Kf6 28. c4 dxc4 29. bxc4 Ke5 30. Ng4+ Kd4 31. Nf6 Kxc4 32. Nxh7 Be7 33. f4
Kd4 34. Ng5 Bxg5 35. fxg5 Kxe4 36. Kg3 Kf5 37. h4 c5 38. Kf3 c4 39. Ke3 Kg4 40.
Kd4 Kxh4 41. Kxc4 Kxg5 42. Kd4 Kf4 43. a4 g5 44. Kc5 g4 45. a5 g3 46. Kc6 g2 47.
a6 g1=Q 48. Kb7 Qb6+ 49. Ka8 Qxa6 50. Kb8 Qb6+ 51. Ka8 Qb5 52. Kxa7 e5 53. Ka8
e4 54. Ka7 e3 55. Ka8 e2 56. Ka7 e1=Q 57. Ka8 Qa1# 0-1